Làm chủ windows server 2003

Guardat en:
Dades bibliogràfiques
Autor principal: Phạm Hoàng Dũng
Format: Llibre
Idioma:Undetermined
Publicat: Hà Nội Thống kê 2003
Matèries:
Etiquetes: Afegir etiqueta
Sense etiquetes, Sigues el primer a etiquetar aquest registre!
Thư viện lưu trữ: Trung tâm Học liệu Trường Đại học Cần Thơ
LEADER 00536nam a2200193Ia 4500
001 CTU_60510
008 210402s9999 xx 000 0 und d
020 |c 135000 
082 |a 005.43769 
082 |b D513/T.1 
100 |a Phạm Hoàng Dũng 
245 0 |a Làm chủ windows server 2003 
245 0 |c Phạm Hoàng Dũng 
260 |a Hà Nội 
260 |b Thống kê 
260 |c 2003 
650 |a Windows ( computer programs ) 
904 |i Minh,Hải 
980 |a Trung tâm Học liệu Trường Đại học Cần Thơ